Vývoj kresťanského odborového hnutia na Slovensku v prvých rokoch ČSR

Bibliographic Details
Main Author: Katuninec, Milan, 1960- (Author)
Format: Article
Language:Slovak
ISSN:0018-2575
Subjects:

MARC

LEADER 00000nab a2200000 a 4500
001 vtls000765311
003 SK-MaSNL
005 20260428084902.0
008 250429c2001 xo 0 slo
015 |a SNBRB2001/08-23919 
035 |a CLN000117098 
035 |a (urnnbn)urn:nbn:sk:snk:ar-004f68 
035 |a (uuid)0cc48b93-0973-4bf8-9cf6-fee1343d7fbd 
035 |a urn:nbn:sk:snk-ab7vzs 
040 |a SNKBUCL  |b slo  |c SNKBUCL  |e AACR2 
041 0 |a slo 
044 |a xo  |c SK 
080 |a 943.76"191/192":331.88  |2 1997 
080 |a 331.88(437.6)"191/192":23/28  |2 1997 
080 |a 301.15(437.6)"191/192":23/28  |2 1997 
100 1 |a Katuninec, Milan,  |d 1960-  |4 aut  |9 97641 
245 1 0 |a Vývoj kresťanského odborového hnutia na Slovensku v prvých rokoch ČSR  |c Milan Katuninec 
500 |a Poznámky pod čiarou 
504 |a Res. nem. 
504 |a Bibliogr. odkazy 
648 7 |a 20. storočie  |2 SNK  |9 278343 
650 0 7 |a sociálne myslenie  |2 SNK  |9 669714 
650 0 7 |a odborové hnutie  |2 SNKPH  |9 87910 
650 0 7 |a kresťanské odbory  |2 SNK  |9 31066 
650 0 7 |a robotnícke hnutie  |2 SNKPH  |9 4769 
651 7 |a Slovensko  |2 SNKPHgeo  |9 14231 
655 7 |a články z novín a časopisov  |2 SNK  |9 267496 
773 0 |t Historický časopis  |g Roč. 49, č. 2 (2001), s. 223-236  |x 0018-2575 
850 |a Slovenská národná knižnica 
852 |a Slovenská národná knižnica 
954 |a odborná, vedecká literatúra pôvodná (slovenská)  |2 lita 
958 |a article9 
958 |a OND 
958 |a NB 
958 |a SK 
958 |a EUIPO 
992 |a RBX 
999 |c 2897596  |d 2899526